Normal view
MARC view
- Investments
Entry Topical Term
001 - CONTROL NUMBER
- control field: 14633
003 - CONTROL NUMBER IDENTIFIER
- control field: NUST
005 - DATE AND TIME OF LATEST TRANSACTION
- control field: 20190530050307.0
008 - FIXED-LENGTH DATA ELEMENTS
- fixed length control field: 190530|| aca||aabn | a|a d
040 ## - CATALOGING SOURCE
- Original cataloging agency: NUST
- Transcribing agency: NUST
150 ## - HEADING--TOPICAL TERM
- Topical term or geographic name entry element: Investments
- General subdivision: Decision making.
670 ## - SOURCE DATA FOUND
- Source citation: Work cat.: (NUST)0: Forbes, William, 1959- 14631, Behavioural finance /, 2009.
